Az értelmiség szerepe a közművelődésben

Elmentve itt :
Bibliográfiai részletek
Szerző: Páhi Barnabás
További közreműködők: Apróné Laczó Katalin (Témavezető)
Dokumentumtípus: Szakdolgozat
Megjelent: 1987
Tárgyszavak:
Online Access:http://diploma.bibl.u-szeged.hu/104837
LEADER 00738nta a2200205 i 4500
001 dipl104837
005 20210126121506.0
008 210126s1987 hu om 0|| zxx d
040 |a SZTE Diploma Repozitórium  |b hun 
041 |a zxx 
100 1 |a Páhi Barnabás 
245 1 3 |a Az értelmiség szerepe a közművelődésben  |h [elektronikus dokumentum] /  |c Barnabás Páhi 
260 |c 1987 
650 4 |a Bölcsészettudományok 
650 4 |a Social sciences 
650 4 |a Media and communications 
650 4 |a Media and socio-cultural communication 
650 4 |a Cultural studies, cultural diversity 
700 2 |a Apróné Laczó Katalin  |e ths 
856 4 0 |u http://diploma.bibl.u-szeged.hu/id/eprint/104837/1/1987_pahi_barnabas.pdf  |z Dokumentum-elérés